Outline of Income Tax (Record no. 229204)
[ view plain ]
| 000 -LEADER | |
|---|---|
| fixed length control field | 00426nam a22001697a 4500 |
| 005 - DATE AND TIME OF LATEST TRANSACTION | |
| control field | 20231117113152.0 |
| 008 - FIXED-LENGTH DATA ELEMENTS--GENERAL INFORMATION | |
| fixed length control field | 231117b ||||| |||| 00| 0 eng d |
| 040 ## - CATALOGING SOURCE | |
| Transcribing agency | AL |
| 041 ## - LANGUAGE CODE | |
| Language code of text/sound track or separate title | eng |
| 082 ## - DEWEY DECIMAL CLASSIFICATION NUMBER | |
| Edition number | 23 |
| Classification number | 657.46 |
| Item number | PRAO |
| 100 ## - MAIN ENTRY--PERSONAL NAME | |
| Personal name | B Prasad |
| 100 ## - MAIN ENTRY--PERSONAL NAME | |
| 9 (RLIN) | 141783 |
| 245 ## - TITLE STATEMENT | |
| Title | Outline of Income Tax |
| 260 ## - PUBLICATION, DISTRIBUTION, ETC. | |
| Place of publication, distribution, etc. | Aligarh |
| Name of publisher, distributor, etc. | Naoman Publication |
| Date of publication, distribution, etc. | 1992 |
| 650 ## - SUBJECT ADDED ENTRY--TOPICAL TERM | |
| Topical term or geographic name entry element | Income Tax |
| 9 (RLIN) | 141784 |
| 700 ## - ADDED ENTRY--PERSONAL NAME | |
| Personal name | PRASAD (B) |
| 9 (RLIN) | 141785 |
| 942 ## - ADDED ENTRY ELEMENTS (KOHA) | |
| Source of classification or shelving scheme | Dewey Decimal Classification |
| Koha item type | Book |
| Withdrawn status | Lost status | Source of classification or shelving scheme | Damaged status | Not for loan | Collection code | Home library | Current library | Date acquired | Total Checkouts | Full call number | Barcode | Date last seen | Price effective from | Koha item type |
|---|---|---|---|---|---|---|---|---|---|---|---|---|---|---|
| Discarded | Dewey Decimal Classification | Commerce | St Aloysius Library | St Aloysius Library | 11/17/2023 | 657.46 PRAO | 046499 | 11/17/2023 | 11/17/2023 | Book | ||||
| Discarded | Dewey Decimal Classification | Commerce | St Aloysius Library | St Aloysius Library | 11/17/2023 | 657.46 PRAO | 046500 | 11/17/2023 | 11/17/2023 | Book | ||||
| Discarded | Dewey Decimal Classification | Commerce | St Aloysius Library | St Aloysius Library | 11/17/2023 | 657.46 PRAO | 036268 | 03/01/2024 | 11/17/2023 | Book |